01068nam a2200217 4500003000900000020001800009040002800027245014400055246003400199260007800233300002700311490005900338490004900397500017700446600005300623650003700676650003700713650003700750650003700787700002600824CO-ViMGA a9789587850383 aCO-ViMGAbspacCO-ViMGA10aLxan Nasa Pal k*ubxyak = Álvaro Nasa Pal y la mojanacdocentes de la comunidad nasa de Pueblo Nuevo ; fotografías, César Augusto Nene aÁlvaro Nasa Pal y la Mojana aBogotábMinisterio de Educación NacionalbMinisterio de Culturac2017 a31 p. :bil., fot. col aPlan Nacional de Lectura y Escritura Leer es mi Cuento aRío de letras. Territorios narradosvv. 10 aColección de actualización bibliográfica para la Red de Bibliotecas Públicas del Ministerio de Cultura, Plan Nacional de Lectura y Escritura Leer es mi cuento, 2018 aUlcué Chocué, AlvaroxBiografíay1943-198414aLeyendas indígenas colombianas14aLiteratura indígena colombiana14aLiteratura indígena colombiana14aPaecesxVida social y costumbres1 aNene, César Augusto